01072cam a22002651 4500001001300000003000400013005001700017008004100034010001700075035002000092040001900112050003100131051003200162100003700194245017400231260004300405300003600448490007900484504002500563650002800588700005200616700005200668810007100720999001500791agr11002031 DLC20260227110933.0920722s1911 dcua u000 0 eng  aagr11002031  a(OCoLC)28456929 aDLCcMdBJdDLC00aSB958b.U197 no. 109 pt. 1 aSB933b.U197 no. 109, pt. 11 aMarch, Harold Oscar,d1885-1919.00aPapers on insects affecting vegetables.bThe Hawaiian beet webworm. [Hymenia fascialis Cram.]cBy H. O. Marsh ... (With appendix by H. G. Dyar and F. H. Chittenden.) ... aWashington,bGovt. print. off.,c1911. aiii, 15 p.billus., pl.c23 cm.1 aU. S. Dept. of agriculture. Bureau of entomology. Bulletinvno. 109, pt. 1 aBibliography: p. 15. 0aHawaiian beet web-worm.1 aChittenden, F. H.q(Frank Hurlbut),d1858-1929.1 aDyar, Harrison G.q(Harrison Gray),d1866-1929.1 aUnited States.bBureau of Entomology.tBulletin ;vno. 109, pt. 1. c8019d8019